Tragedias / (Record no. 115511)

MARC details
000 -LEADER
campo de control de longitud fija 00570nam a2200205 i 4500
001 - NÚMERO DE CONTROL
campo de control 115511
003 - IDENTIFICADOR DE NÚMERO DE CONTROL
campo de control ES-MaACL
007 - CAMPO FIJO DE DESCRIPCIÓN FÍSICA--INFORMACIÓN GENERAL
campo de control de longitud fija t|
008 - DATOS DE LONGITUD FIJA--INFORMACIÓN GENERAL
campo de control de longitud fija 070314s1915 ag ||||1| spa d
080 ## - NÚMERO DE LA CLASIFICACIÓN DECIMAL UNIVERSAL
Número de la Clasificación Decimal Universal 860(82)-23"18"
100 1# - ENTRADA PRINCIPAL--NOMBRE DE PERSONA
Nombre de persona Varela, Juan Cruz.
9 (RLIN) 113139
245 10 - MENCIÓN DEL TÍTULO
Título Tragedias /
Mención de responsabilidad, etc. de J.C. Varela.
260 ## - PUBLICACIÓN, DISTRIBUCIÓN, ETC.
Lugar de publicación, distribución, etc. Buenos Aires :
Nombre del editor, distribuidor, etc. Librería "La Facultad",
Fecha de publicación, distribución, etc. 1915.
300 ## - DESCRIPCIÓN FÍSICA
Extensión 287 p. ;
Dimensiones 19 cm.
490 1# - MENCIÓN DE SERIE
Mención de serie Biblioteca argentina ;
Designación de volumen o secuencia 6
500 ## - NOTA GENERAL
Nota general Foto del autor.
830 0# - PUNTO DE ACCESO ADICIONAL DE SERIE-TÍTULO UNIFORME
Título uniforme Biblioteca argentina ;
Designación de volumen o secuencia 6
9 (RLIN) 186252
852 ## - LOCALIZACIÓN
Ubicación ES-MaACL
Número de control de estantería G-1060
Holdings
Estatus retirado Estado de pérdida Estado de daño No para préstamo Biblioteca de origen Biblioteca actual Ubicación en estantería Fecha de adquisición Fuente de adquisición Total de préstamos Signatura topográfica completa Código de barras Visto por última vez Precio de reemplazo Tipo de ítem Koha
        Biblioteca del Ateneo de Madrid Biblioteca del Ateneo de Madrid Depósito 2 17/01/2008     G-1060 1120443 23/02/2023 23/02/2023 Libro impreso